Foundations of education (Record no. 125948)
[ view plain ]
| 000 -LEADER | |
|---|---|
| fixed length control field | 00473nam a22001457a 4500 |
| 005 - DATE AND TIME OF LATEST TRANSACTION | |
| control field | 20170111152802.0 |
| 008 - FIXED-LENGTH DATA ELEMENTS--GENERAL INFORMATION | |
| fixed length control field | 170111b xxu||||| |||| 00| 0 eng d |
| 050 ## - LIBRARY OF CONGRESS CALL NUMBER | |
| Classification number | LB7.K13 2014 |
| 100 ## - MAIN ENTRY--PERSONAL NAME | |
| Personal name | Kakanda, Alfred Mukelabai |
| 9 (RLIN) | 28253 |
| 245 ## - TITLE STATEMENT | |
| Title | Foundations of education |
| Remainder of title | introductory studies |
| Statement of responsibility, etc | by Kakanda, Alfred Mukelabai |
| 260 ## - PUBLICATION, DISTRIBUTION, ETC. (IMPRINT) | |
| Place of publication, distribution, etc | Lusaka |
| Name of publisher, distributor, etc | The University of Zambia Press |
| Date of publication, distribution, etc | 2014 |
| 300 ## - PHYSICAL DESCRIPTION | |
| Extent | ix, 246p.; |
| Dimensions | 21cm. |
| 650 ## - SUBJECT ADDED ENTRY--TOPICAL TERM | |
| Topical term or geographic name as entry element | Education |
| 9 (RLIN) | 18163 |
| 942 ## - ADDED ENTRY ELEMENTS (KOHA) | |
| Source of classification or shelving scheme | Library of Congress Classification |
| Item type | Monograph ( Printed materials) |
| Withdrawn status | Lost status | Source of classification or shelving scheme | Damaged status | Not for loan | Collection code | Home library | Current library | Shelving location | Date acquired | Total Checkouts | Full call number | Barcode | Checked out | Date last seen | Date last borrowed | Price effective from | Koha item type |
|---|---|---|---|---|---|---|---|---|---|---|---|---|---|---|---|---|---|
| Library of Congress Classification | Main Collection | ARRUPE LIBRARY | ARRUPE LIBRARY | Main Collection | 11/01/2017 | 1 | LB7.K13 2014 | 46500022624 | 04/04/2017 | 21/03/2017 | 21/03/2017 | 11/01/2017 | Monograph ( Printed materials) |